International law of the sea (Record no. 425095)

000 -LEADER
fixed length control field 00521cam a22001577a 4500
008 - FIXED-LENGTH DATA ELEMENTS--GENERAL INFORMATION
fixed length control field 180718b1954 xxu||||| |||| 00| 0 eng d
082 ## - DEWEY DECIMAL CLASSIFICATION NUMBER
Classification number D225 C717
100 ## - MAIN ENTRY--PERSONAL NAME
Personal name Colombos, C. John
245 ## - TITLE STATEMENT
Title International law of the sea
Statement of responsibility, etc. by C. John Colombos
250 ## - EDITION STATEMENT
Edition statement 3rd rev. ed.
260 ## - PUBLICATION, DISTRIBUTION, ETC.
Place of publication, distribution, etc. London
Name of publisher, distributor, etc. Longmans, Green
Date of publication, distribution, etc. 1954
300 ## - PHYSICAL DESCRIPTION
Extent 719p
500 ## - GENERAL NOTE
General note A new edition, brouhgt up-to-date, of Higgins and Colombos on the international law of the sea
650 ## - SUBJECT ADDED ENTRY--TOPICAL TERM
Topical term or geographic name entry element War, Maritime (International law)
650 ## - SUBJECT ADDED ENTRY--TOPICAL TERM
Topical term or geographic name entry element Maritime law
Holdings
Withdrawn status Lost status Damaged status Not for loan Permanent Location Current Location Date acquired Full call number Barcode Date last seen Price effective from Koha item type
        Indian Institute of Public Administration Indian Institute of Public Administration 2009-10-05 D225 C717 4243 2018-07-21 2018-07-21 Book

Powered by Koha